00991nam a2200301 a 45000010008000000030009000080050017000170070003000340080033000370200015000700400030000850820029001151000030001442450121001742640036002953000044003313360027003753370035004023380030004374900025004675000006004925000006004986500041005046500035005456500035005807000048006157100026006630000294DO-SdBPM20250403115226.0ta150130s2005 cl ac 000 0 spa d a9589422438 aDO-SdBPMbspacBPMSUerda 4a741.642bA321a 2005 2221 aAlarcón Díaz, Ricardo10a Aventuras creativas : bdibujos y pinturas /cRicardo Alarcón Díaz ; dirección general Jorge Monroy Valencia  aColombia :bEditar Ltda, c2005 a95 páginas :bilustraciones ;c29 cm. atextobtxt2rdacontent aSin meidiación bn2rdamedia avolumen bnc0rdacarriert0 aAventuras creativas  a  a  7aArte infantil xEnseñanza primaria 7aDibujos xEnseñanza primaria 7aLibros ilustrados para niños1 aJorge Monroy Valencia edirección General2 aParramón Ediciones